000 00771nam a2200229 i 4500
001 bg
100 1 _aŁUKSZA, Janusz
245 1 0 _aElementy ciągarstwa /
_cJanusz Łuksza.
260 _aKraków :
_bAGH Uczelniane Wydawnictwa Naukowo-Dydaktyczne,
_c2001.
300 _a289, [1] s., [1] k. tabl. złoż. :
_brys., wykr. ;
_c24 cm.
504 _aBibliogr.
650 9 _aCiągnienie metali
655 _aPodręczniki akademickie
020 _a8388408224
040 _cBPK
041 0 _apol
080 _a621.77(075.8)
920 _a83-88408-22-4
942 _cKS
008 s pl f |000 0 pol
999 _c52854
_d52854
856 _uhttp://koha.tu.koszalin.pl/cgi-bin/koha/opac-detail.pl?biblionumber=52854
_yKatalog online BPK